Missing Word: Lions Quiz Stats

Quiz Updated Oct 16, 2015

Challenge
Share
Tweet
Embed
Score 0/16 Timer 04:00
0 Plays Today
Phrase Missing Word % Correct
The Lion _____King
99.4%
The Lion, the Witch and the ______Wardrobe
95.1%
The Lion Flag of Sri _____Lanka
94.8%
Richard the Lion_____Heart
90.2%
The _____ LionCowardly
89.7%
_____ LionsDetroit
76%
Cougar (_____ Lion)Mountain
62.8%
The Lion in _____Winter
52.9%
Phrase Missing Word % Correct
_____ the LionLeo
51.7%
Lion _____Tamer
39.9%
Lion-_____O
19.2%
Lion _____Bar
18.1%
Lion of _____Judah
15.9%
_____ and Irish LionsBritish
15.4%
_____ Lion ZionIron
11.4%
_____ and the LionAndrocles
9.8%

Today's Daily Dose

Missing Word
For Dummies Books

Word Ladder
Ariana Grande

Quick Pick
1970s Authors

On This Day
June 21st II

You're not logged in!

Compare scores with friends on all Sporcle quizzes.
Join for Free
OR
Log In

You Might Also Like...

Show Comments

Extras

Top Quizzes Today


Score Distribution

Your Account Isn't Verified!

In order to create a playlist on Sporcle, you need to verify the email address you used during registration. Go to your Sporcle Settings to finish the process.

Report this User

Report this user for behavior that violates our Community Guidelines.

Details: